Plus grandes villes de l'Empire Romain au 1er Siècle ap JC - Statistiques

Statistiques générales
  • Ce quiz a été pris 437 fois
  • Le résultat moyen est 4 sur 20
Statistiques - réponses
Habitants Ville % Correct
350 000 Rome
100%
27 000 Athènes
69%
216 000 Alexandrie
61%
50 000 Carthage
55%
90 000 Antioche
20%
30 000 Damas
19%
37 000 Corinthe
17%
51 000 Ephèse
16%
90 000 Izmir
14%
31 000 Memphis
12%
34 000 Ankara
11%
34 000 Capoue
10%
24 000 Tarragone
7%
34 000 Izmit
4%
65 000 Cadix
3%
24 000 Bergame
2%
36 000 Apamée
1%
24 000 Cyzique
1%
34 000 Oxyrhynque
1%
28 000 Bosra
0%
Aucun quiz correspondant
Distribution des résultats
% des personnes avec chaque résultat
Percentile par nombre de réponses
Votre historique - résultats
Vous n’avez pas pris ce quiz